000 03150cam a22005534i 4500
003 PE-LiUPU
005 20250731172847.0
008 100129s2009 txuabd rb 001 0 eng d
020 _a0932766943
020 _a9780932766946
035 _a(Sirsi) i9780932766946
040 _aLLU
_bspa
_cLLU
_dYDXCP
_dSGB
_dIGR
_dDLC
_dOCLCQ
_dOCLCF
_dIGR
_dOCLCO
_dPE-LiUPU
_erda
082 0 0 _a231.7652
_bS64
_222
100 1 _aSnelling, Andrew.
245 1 0 _aEarth's catastrophic past :
_bgeology, creation, & the flood /
_cAndrew A. Snelling.
264 _aDallas, Texas. :
_bInstitute for Creation Research,
_c[2009]
300 _a2 volumenes (1-464, 467-1102 páginas) :
_bilustraciones ;
_c24 centímetros
336 _atext
_2rdacontent
337 _aunmediated
_2rdamedia
338 _avolume
_2rdacarrier
500 _aMajor revision of: The Genesis flood (1961), by J.C. Whitcomb and H.M. Morris.
504 _aBibliografía : páginas 421-430.
504 _aÍndices: páginas
505 0 _avolumen 1. The Genesis record of creation and the flood defended. Introduction -- Section 1 : The biblical record of the global Genesis flood -- Section 2 : Non-geological arguments used against the global Genesis flood -- Section 3 : Noah, the ark, and the animals -- Section 4 : The framework for a biblical geology -- Section 5 : The modern geological synthesis -- Selected bibliography.
505 0 _avolumen 2. Geological implications of the biblical record for a biblical geologic model for Earth history -- Section 6 : Geological implications of the biblical geologic model for Earth history -- Section 7 : A biblical geologic model of Earth history -- Section 8 : Problems in biblical geology solved : radioactive dating and geochronology -- Section 9 : Contradictions in geochronology : support for biblical geology -- Section 10 : Problems for biblical geology solved : formations implying slow deposition -- Concluding challenges -- Selected bibliography.
526 _aSEG42
526 _aSEG41
526 _aSEG40
526 _aSEG39
526 _aP94
526 _aP87
526 _aP86
526 _aP85
526 _aP77
526 _aP76
526 _aP35
650 0 _aBiblia y geología.
_95843
650 0 _aCreacionismo.
650 0 _aDiluvio.
910 _ajck
_bebj
_cebj
_d20160601
942 _2ddc
_cBOOK
949 _a231.7652 S64 1
_wDEWEY
_c1
_i73371
_lCCODEBUL1
_mBUL
_p60.00
_r0
_sY
_tBOOK
_u2016-6-1
_xTEOLOGIA
_PP85
_0COMPRA
_o.STAFF. Colección General Teología
949 _a231.7652 S64 2
_wDEWEY
_c1
_i73372
_lCCODEBUL1
_mBUL
_p60.00
_r0
_sY
_tBOOK
_u2016-6-1
_xTEOLOGIA
_PP85
_0COMPRA
_o.STAFF. Colección General Teología
994 _aC0
_bPEPRU
596 _a1
999 _a231.7652 S64 1
_wDEWEY
_c9696
_i73371
_f2021-11-9
_g5
_lCCODEBUL1
_mBUL
_p60.00
_r0
_sY
_tBOOK
_u2016-6-1
_xTEOLOGIA
_PP85
_0COMPRA
_o.STAFF. Colección General Teología
_d9696
999 _a231.7652 S64 2
_wDEWEY
_c1
_i73372
_f2021-11-9
_g5
_lCCODEBUL1
_mBUL
_p60.00
_r0
_sY
_tBOOK
_u2016-6-1
_xTEOLOGIA
_PP85
_0COMPRA
_o.STAFF. Colección General Teología
980 _81
_gALBERTO SANCHEZ Responsable de Automatización